000 01150nab a2200241 i 4500
001 BPP
003 BPK
005 20190610114405.0
008 141211s1989 pl | | |000 ||pol
040 _cBPK
080 _a621.92
080 _a691
100 _aSŁOWIŃSKI, Bronisław.
_d1972 - 1996.
_bWyższa Szkoła Inżynierska w Koszalinie - Wydział Mechaniczny,
_cZakład Technologii Maszyn
245 _aEfektywność procesu szlifowania ściernicami z żużla pomiedziowego /
_cBronisław Słowiński.
260 _c1989.
500 _aDane z autopsji.
520 _aW artykule rozpatrzono skuteczność pracy spojonych narzędzi ściernych, w których zastępowano ścierniwo lub spoiwo żużlem pomiedziowym. Wykazano, że jest niecelowe stosowanie tego materiału odpadowego jako ścierniwa do spojonych narzędzi ściernych - używanych w procesach szlifowania. Może on być jednak z pozytywnym skutkiem stosowany jako spoiwo do tego typu narzędzi.
650 0 _aŻużel.
650 0 _aSzlifowanie
650 0 _aŚciernica
773 _iW :
_tPowłoki ochronne. -
_g1989, R. 17, nr 1-2, s. 50-54
942 _cART
_2UKD
999 _c3545
_d3545